<?xml version="1.0" encoding="UTF-8"?>
<record
    xmlns:xsi="http://www.w3.org/2001/XMLSchema-instance"
    xsi:schemaLocation="http://www.loc.gov/MARC21/slim http://www.loc.gov/standards/marcxml/schema/MARC21slim.xsd"
    xmlns="http://www.loc.gov/MARC21/slim">

  <leader>01673nam a2200217 a 4500</leader>
  <controlfield tag="001">000046068</controlfield>
  <controlfield tag="003">DO-SdBNP</controlfield>
  <controlfield tag="005">20230203142252.0</controlfield>
  <controlfield tag="007">ta</controlfield>
  <controlfield tag="008">150617e1987    dr     gr     001 pdspa d</controlfield>
  <datafield tag="040" ind1=" " ind2=" ">
    <subfield code="a">DO-SdBNP</subfield>
    <subfield code="b">spa</subfield>
    <subfield code="c">BNPHU</subfield>
  </datafield>
  <datafield tag="082" ind1=" " ind2="4">
    <subfield code="2">22</subfield>
    <subfield code="b">F819c</subfield>
  </datafield>
  <datafield tag="100" ind1="1" ind2=" ">
    <subfield code="a">Francisco, Ram&#xF3;n</subfield>
    <subfield code="9">20549</subfield>
    <subfield code="d">1929- 2004</subfield>
  </datafield>
  <datafield tag="245" ind1="1" ind2="0">
    <subfield code="a">Critic-A-demas. /</subfield>
    <subfield code="c">Ram&#xF3;n Francisco.</subfield>
  </datafield>
  <datafield tag="260" ind1=" " ind2=" ">
    <subfield code="a">Santo Domingo :</subfield>
    <subfield code="b">Publicaciones Am&#xE9;rica,</subfield>
    <subfield code="c">1987</subfield>
  </datafield>
  <datafield tag="300" ind1=" " ind2=" ">
    <subfield code="a">265 p. ;</subfield>
    <subfield code="c">21 cm.</subfield>
  </datafield>
  <datafield tag="500" ind1=" " ind2=" ">
    <subfield code="a">Incluye datos biogr&#xE1;ficos del autor en la contracubierta.</subfield>
  </datafield>
  <datafield tag="505" ind1=" " ind2=" ">
    <subfield code="t">Del pensamiento y la expresi&#xF3;n po&#xE9;ticas.--</subfield>
    <subfield code="t">De la aldea, de los trenes y del &#xE9;xodo, o sea, un an&#xE1;lisis (y) una &#xE9;pica.--</subfield>
    <subfield code="t">De muerte en blanco a son de guerra y amores.--</subfield>
    <subfield code="t">El poema maduro de los a&#xF1;os maduros.--</subfield>
    <subfield code="t">Trenes y &#xE9;xodo.--</subfield>
    <subfield code="t">El sonoro modo del mamb&#xFA; sonoro.--</subfield>
    <subfield code="t">La marcha de la humanidad.--</subfield>
    <subfield code="t">El hallazgo de la aldea.--</subfield>
    <subfield code="t">Ep&#xED;logo.--</subfield>
    <subfield code="t">La Literatura Dominicana de los a&#xF1;os 60.--</subfield>
    <subfield code="t">El gran nombrador.--</subfield>
    <subfield code="t">La novela que aspira a parecerse a la vida.--</subfield>
    <subfield code="t">Las devastaciones.--</subfield>
    <subfield code="t">Reflexione sobre unos manuscritos.--</subfield>
    <subfield code="t">De Pedro Peix y de la importancia actual de la narraci&#xF3;n.--</subfield>
    <subfield code="t">Apuntes para la presentaci&#xF3;n de un libro de poemas.--</subfield>
    <subfield code="t">Literatura y obra literaria. Carta a H&#xE9;ctor D&#xED;az Polanco.--</subfield>
    <subfield code="t">Cr&#xED;tica del criterio.--</subfield>
    <subfield code="t">Perspectiva de la perspectiva.--</subfield>
    <subfield code="t">Incursiones patronales.--</subfield>
    <subfield code="t">Detalle de los detalles.--</subfield>
    <subfield code="t">Diferencias de forma pero no de fondo.--</subfield>
    <subfield code="t">Cien A&#xF1;os de Soledad: Una Trampa.--</subfield>
    <subfield code="t">Vida y Cultura en la Prehistoria de Santo Domingo.--</subfield>
    <subfield code="t">Apostolador Destutanado</subfield>
    <subfield code="t">Anuncio la Epopeya Tony-Ca.--</subfield>
    <subfield code="t">La luz Herida de Rodolfo.--</subfield>
    <subfield code="t">Disputa Entre Artistas.</subfield>
  </datafield>
  <datafield tag="590" ind1=" " ind2=" ">
    <subfield code="a">Inventariado 2023 / MF</subfield>
  </datafield>
  <datafield tag="942" ind1=" " ind2=" ">
    <subfield code="2">ddc</subfield>
    <subfield code="c">LBS1</subfield>
  </datafield>
  <datafield tag="952" ind1=" " ind2=" ">
    <subfield code="0">0</subfield>
    <subfield code="1">0</subfield>
    <subfield code="2">ddc</subfield>
    <subfield code="5">1</subfield>
    <subfield code="7">0</subfield>
    <subfield code="8">PD</subfield>
    <subfield code="a">BNPHU</subfield>
    <subfield code="b">BNPHU</subfield>
    <subfield code="c">HD</subfield>
    <subfield code="d">2015-06-17</subfield>
    <subfield code="o"> </subfield>
    <subfield code="p">46068-10</subfield>
    <subfield code="r">2020-06-25</subfield>
    <subfield code="w">2020-06-25</subfield>
    <subfield code="y">LBS1</subfield>
    <subfield code="z">Perteneci&#xF3; a la biblioteca personal de Erick Landestoy</subfield>
  </datafield>
  <datafield tag="952" ind1=" " ind2=" ">
    <subfield code="0">0</subfield>
    <subfield code="1">0</subfield>
    <subfield code="2">ddc</subfield>
    <subfield code="5">1</subfield>
    <subfield code="7">0</subfield>
    <subfield code="8">PD</subfield>
    <subfield code="a">BNPHU</subfield>
    <subfield code="b">BNPHU</subfield>
    <subfield code="c">CT</subfield>
    <subfield code="d">2020-06-22</subfield>
    <subfield code="e">Compra / Enayre Group</subfield>
    <subfield code="l">0</subfield>
    <subfield code="o">F819c</subfield>
    <subfield code="p">2023-0563</subfield>
    <subfield code="r">2023-02-02</subfield>
    <subfield code="t">e.2</subfield>
    <subfield code="w">2023-02-02</subfield>
    <subfield code="y">LBS1</subfield>
  </datafield>
  <datafield tag="999" ind1=" " ind2=" ">
    <subfield code="c">45557</subfield>
    <subfield code="d">45557</subfield>
  </datafield>
</record>
